000 03663nam a22005415i 4500
999 _c29023
_d28994
003 EG-ScBUE
005 20201111110602.0
006 m||||fo||h 00| 0
008 200219m20192020cc f 000 0 chi d
020 _a9787561937266 (workbook -- volume 2)
020 _a9787561938188 (Textbook -- volume 3)
040 _aEG-ScBUE
_beng
_erda
_cEG-ScBUE
_dEG-ScBUE
041 0 _achi
_aeng
082 0 4 _a495.182421
_bLIP
_222
100 1 _aJiang, Liping,
_eauthor.
245 1 0 _aHSK 标准教程 =
_bHSK biao zhun jiao cheng = HSK standard course /
_clead author Jiang Liping [and five other].
246 3 1 _aHSK biao zhun jiao cheng.
246 3 1 _aHSK standard course.
250 _a第12版 =
_bTwelfth edition.
264 1 _aBeijing :
_bBeijing Language and Culture University Press,
_c2019-2020.
264 1 _a北京 :
_b北京语言大学出版社,
_c2019-2020.
300 _avolume <2, 3> :
_billustrations (color) ;
_c29 cm. +
_eaudio files (QR code)
336 _atext
_btxt
_2rdacontent
336 _aspoken word
_bspw
_2rdacontent
337 _aunmediated
_bn
_2rdamedia
337 _aaudio
_bs
_2rdamedia
338 _avolume
_bnc
_2rdacarrier
338 _aonline resource
_bcr
_2rdacarrier
490 0 _aHSK 标准教程 =
_aHSK standard course
500 _a"孔子学院总部/国家汉办 = Kongzi xue yuan zong bu/Guo jia Han ban = Confucius Institue Headquarters (Hanban)" -- title page.
505 2 _aVolume 2. Workbook -- Volume 3. Textbook.
520 _aAuthorized by Hanban, HSK Standard Course is developed under the joint efforts of Beijing Language and Culture University Press and Chinese Testing International (CTI). With HSK test papers as its primary source, HSK Standard Course is characterized by a humorous style, familiar topics and a scientific course design. Matching the HSK test in all aspects, from the content, form to the levels, it is a series of new-type course books embodying the idea of “combining testing and teaching, and promoting learning and teaching by testing”. It is suitable for the Confucius Institutes in different countries as well as other Chinese teaching institutions and self-taught learners. The whole series is divided into six levels matching the HSK test, with one volume for each of Levels 1-3 and two volumes for each of Levels 4-6, totaling nine volumes. With a textbook, a workbook and a teacher’s book in each volume, there are altogether 27 books. This is Textbook 2, which includes 15 lessons and covers 300 words (of Levels 1 and 2) and language points required by the HSK Level 2 test. Upon finishing this book, students will be able to “understand and use a few simple Chinese words and sentences to meet their specific needs in communication and to prepare themselves for further learning”. The book is illustrated with photos match the style of the test and is printed in full color. An MP3 audio QR Code comes with the book.
546 _aIn Chinese and English.
650 7 _aChinese language
_vTextbooks for foreign speakers
_xEnglish.
_2BUEsh
650 7 _aChinese language
_xStudy and teaching
_xForeign speakers.
_2BUEsh
650 7 _aChinese language
_xAbility testing.
_2BUEsh
650 7 _aChinese characters
_vProblems, exercises, etc.
_2BUEsh
650 7 _aMP3 (Audio coding standard)
_2BUEsh
653 _bHHUUCCHH
_cNovember2020
700 1 _aFeng, Wang,
_eauthor.
_939419
700 1 _aLiping, Liu,
_eauthor.
700 1 _aFang, Wang,
_eauthor.
_917963
700 1 _aMiao, Yu,
_eauthor.
700 1 _aLin, Li,
_eauthor.
710 2 _aConfucius Institute Headquarters.
856 7 0 _zScan the QR code to get MP3 audio files
_2data
942 _2ddc
_cBB